banner-ar

الارشيف العثمانى_ فهرس شامل لوثائق الدولة العثمانية المحفوظة بدار الوثائق التابعة لرئاسة الوزراء باستانبول / (Record no. 30285)

MARC details
000 -الفاتح
حقل البيانات ثابتة الطول 01009nam a2200265Ia 4500
008 - عناصر البيانات ثابتة الطول - معلومات عامة
حقل البيانات ثابتة الطول 140319s9999 xx 000 0 ara d
040 ## - مصدر الفهرسة
وكالة الفهرسة الأصلية GCL /
وكالة النسخ GCL
082 04 - رقم تصنيف ديوى العشرى
رقم التصنيف 016.9561
رقم المادة ن ا
100 1# - المدخل الرئيسى - إسم شخصى
الإسم الشخصى نجاتى اقطانى
245 10 - بيان العنوان
العنوان الارشيف العثمانى_ فهرس شامل لوثائق الدولة العثمانية المحفوظة بدار الوثائق التابعة لرئاسة الوزراء باستانبول /
بيان المسئوليه,etc نجاتى اقطانى
700 1# - المدخل الاضافى - اسم شخصى
الإسم الشخصى عصمت بينارق
700 1# - المدخل الاضافى - اسم شخصى
الإسم الشخصى صالح سعوادى صالح
260 ## - PUBLICATION, DISTRIBUTION, ETC. (IMPRINT)
تاريخ النشر أو التوزيع 1986
300 ## - الوصف المادى
التعداد 521
490 ## - بيان السلسلة
عنوان السلسلة
650 04 - المدخل الاضافى بالموضوع-مصطلح موضوعى
مصطلح موضوعي الوثائق
650 04 - المدخل الاضافى بالموضوع-مصطلح موضوعى
مصطلح موضوعي المخطوطات
650 04 - المدخل الاضافى بالموضوع-مصطلح موضوعى
مصطلح موضوعي الفهارس
650 04 - المدخل الاضافى بالموضوع-مصطلح موضوعى
مصطلح موضوعي دارالوثائق التركية
650 04 - المدخل الاضافى بالموضوع-مصطلح موضوعى
مصطلح موضوعي الوثائق العربية
650 04 - المدخل الاضافى بالموضوع-مصطلح موضوعى
مصطلح موضوعي الارشيف والمحفوظات
650 04 - المدخل الاضافى بالموضوع-مصطلح موضوعى
مصطلح موضوعي الحجج الشرعية
942 ## - عناصر المدخل الإضافي( كوها)
مصدر التصنيف او مخطط الترفيف Dewey Decimal Classification
Koha [default] item type كتاب
260 ## - PUBLICATION, DISTRIBUTION, ETC. (IMPRINT)
-- [S.N] :
-- مركز الابحاث للتاريخ والفنون والثقافة ،
Holdings
حالة التراجع حالة الفقد حالة تلف ليس للاعارة المكان المؤقت الموقع الحالى تاريخ الاكتساب اجمالي اﻻعارات رقم الطلب الباركود تاريخ اخر مشاهدة تاريخ تفعيل السعر نوع وعاء كوها
        مكتبة القاهرة الكبرى مكتبة القاهرة الكبرى 03/26/2014   016.9561\ن ا 70473 03/26/2014 03/26/2014 كتاب

Powered By

EGPV